LIBRARY & INFORMATION CENTRE, KCAET, TAVANUR

ONLINE PUBLIC ACCESS CATALOGUE (OPAC)

Surveying and Levelling Part1 (Record no. 18989)

MARC details
000 -LEADER
fixed length control field 00326nam a22001337a 4500
003 - CONTROL NUMBER IDENTIFIER
control field OSt
008 - FIXED-LENGTH DATA ELEMENTS--GENERAL INFORMATION
fixed length control field 250108b |||||||| |||| 00| 0 eng d
041 ## - LANGUAGE CODE
Language code of text/sound track or separate title eng
100 ## - MAIN ENTRY--AUTHOR NAME
Personal name Kanetkar, TP
245 ## - TITLE STATEMENT
Title Surveying and Levelling Part1
250 ## - EDITION STATEMENT
Edition statement 23rd
260 ## - PUBLICATION, DISTRIBUTION, ETC. (IMPRINT)
Place of publication Pune:
Name of publisher Pune Vidyarthi Griha Prakasan,
Year of publication 1983.
942 ## - ADDED ENTRY ELEMENTS (KOHA)
Koha item type Books
Holdings
Withdrawn status Lost status Damaged status Home library Current library Date acquired Cost, normal purchase price Full call number Accession Number Koha item type
Withdrawn     KAUAET KAUAET 08/01/2025 35.00 624.1517 KAN/SU 14594 Books
free website counter